Mathematics for engineering (Record no. 63673)

000 -LEADER
fixed length control field 00491nam a22001937a 4500
003 - CONTROL NUMBER IDENTIFIER
control field NUST - PNEC
005 - DATE AND TIME OF LATEST TRANSACTION
control field 20170116180819.0
008 - FIXED-LENGTH DATA ELEMENTS--GENERAL INFORMATION
fixed length control field 150615b xxu||||| |||| 00| 0 eng d
020 ## - INTERNATIONAL STANDARD BOOK NUMBER
International Standard Book Number -
040 ## - CATALOGING SOURCE
Transcribing agency LIBRARY
082 ## - DEWEY DECIMAL CLASSIFICATION NUMBER
Classification number 510 PRA
100 ## - MAIN ENTRY--PERSONAL NAME
9 (RLIN) 3990
Personal name Prasad Chandrika
245 ## - TITLE STATEMENT
Title Mathematics for engineering
Statement of responsibility, etc. Chandrika prasad
250 ## - EDITION STATEMENT
Edition statement 1st ed
260 ## - PUBLICATION, DISTRIBUTION, ETC.
Place of publication, distribution, etc. Allahbabad
Name of publisher, distributor, etc. Prasad mudranalaya
Date of publication, distribution, etc. c1995.
300 ## - PHYSICAL DESCRIPTION
Extent 392 p. :
650 ## - SUBJECT ADDED ENTRY--TOPICAL TERM
9 (RLIN) 3996
Topical term or geographic name entry element Mathematics
General subdivision ME
942 ## - ADDED ENTRY ELEMENTS (KOHA)
Source of classification or shelving scheme
Koha item type Book
Holdings
Withdrawn status Lost status Source of classification or shelving scheme Damaged status Not for loan Permanent Location Current Location Shelving location Date acquired Source of acquisition Cost, normal purchase price Total Checkouts Full call number Barcode Date last seen Cost, replacement price Price effective from Koha item type
          Pakistan Navy Engineering College (PNEC) Pakistan Navy Engineering College (PNEC)   09/19/2000 Paramount Publishing Enterprise / Library / Reference Grant 110.00   510 PRA PNECLIB-022640 06/15/2015 110.00 09/19/2000 Book
© 2023 Central Library, National University of Sciences and Technology. All Rights Reserved.